Launching The Writing Workshop (Record no. 25580)

MARC details
000 -LEADER
fixed length control field 00681nam a22002057a 4500
003 - CONTROL NUMBER IDENTIFIER
control field OSt
005 - DATE AND TIME OF LATEST TRANSACTION
control field 20260630100801.0
008 - FIXED-LENGTH DATA ELEMENTS--GENERAL INFORMATION
fixed length control field 260630b |||||||| |||| 00| 0 eng d
020 ## - INTERNATIONAL STANDARD BOOK NUMBER
International Standard Book Number 9780325008639
040 ## - CATALOGING SOURCE
Transcribing agency Chuka University Library
050 ## - LIBRARY OF CONGRESS CALL NUMBER
Classification number LB 1576
Item number .C35 2006 4
100 ## - MAIN ENTRY--PERSONAL NAME
Personal name Calkins, Lucy
9 (RLIN) 27666
245 ## - TITLE STATEMENT
Title Launching The Writing Workshop
260 ## - PUBLICATION, DISTRIBUTION, ETC.
Place of publication, distribution, etc. New Hampshire
Name of publisher, distributor, etc. Firsthand Heinemann
Date of publication, distribution, etc. 2006
300 ## - PHYSICAL DESCRIPTION
Extent 184p
Other physical details Illustrations
650 ## - SUBJECT ADDED ENTRY--TOPICAL TERM
Topical term or geographic name entry element English language Composition an exercises Study and teaching (Primary) United States
9 (RLIN) 31973
650 ## - SUBJECT ADDED ENTRY--TOPICAL TERM
Topical term or geographic name entry element Curriculum Planning United States
9 (RLIN) 26921
700 ## - ADDED ENTRY--PERSONAL NAME
Personal name Marjorie Martinelli(Author)
9 (RLIN) 31974
942 ## - ADDED ENTRY ELEMENTS (KOHA)
Source of classification or shelving scheme Library of Congress Classification
Koha item type Long Loan Books
Suppress in OPAC No

No items available.

Powered by Koha